[Event "Junior Online 4NCL Division 4"]
[Site "online"]
[Date "2020.10.29"]
[Round "6.46"]
[White "Popovici, Rees"]
[Black "Hatem, Mika"]
[Result "1-0"]
[WhiteElo "1595"]
[BlackElo "1405"]
[PlyCount "99"]
[EventDate "2020.10.29"]
[WhiteTeam "Colchester Juniors A"]
[BlackTeam "JHJ 4"]

1. e4 e5 2. Nf3 Nc6 3. d4 exd4 4. Nxd4 Bc5 5. Be3 Qf6 6. c3 Nge7 7. Nd2 Bxd4 8.
Bxd4 Nxd4 9. cxd4 Qxd4 10. Nf3 Qxd1+ 11. Rxd1 d6 12. Bc4 O-O 13. O-O Ng6 14.
Rfe1 Be6 15. Bxe6 fxe6 16. e5 dxe5 17. Nxe5 Rf6 18. Nxg6 Rxg6 19. Rd7 Rc8 20.
Re7 Rd8 21. h3 Rf6 22. Rxc7 Rdf8 23. f3 R8f7 24. Rc8+ Rf8 25. Rxf8+ Kxf8 26.
Kf2 Kf7 27. Ke3 Kg6 28. Ke4 Rf5 29. g4 Rf6 30. Rd1 Kg5 31. Rd7 Rf4+ 32. Ke3 e5
33. Rxg7+ Kh4 34. Rxh7+ Kg3 35. h4 Rxf3+ 36. Ke4 Kxg4 37. Kxe5 Rf2 38. Rxb7
Kxh4 39. Kd4 Rc2 40. a3 Kg3 41. b4 Kf3 42. Rxa7 Rd2+ 43. Kc5 Rc2+ 44. Kb5 Re2
45. Ka4 Kf4 46. Rf7+ Kg5 47. Rc7 Re6 48. Kb5 Re5+ 49. Rc5 Rxc5+ 50. bxc5 1-0

[Event "Junior Online 4NCL Division 4"]
[Site "online"]
[Date "2020.10.29"]
[Round "6.47"]
[White "Stehlin, Nathan"]
[Black "Gogia, Pranay"]
[Result "1-0"]
[WhiteElo "1360"]
[BlackElo "1501"]
[PlyCount "211"]
[EventDate "2020.10.29"]
[WhiteTeam "JHJ 4"]
[BlackTeam "Colchester Juniors A"]

1. c4 Nf6 2. d4 e6 3. Bg5 h6 4. Bh4 d5 5. e3 c5 6. Nc3 cxd4 7. exd4 dxc4 8.
Bxc4 Be7 9. Nf3 O-O 10. O-O b6 11. Qd3 Bb7 12. Rfe1 Nbd7 13. Rad1 Re8 14. Ba6
Bxa6 15. Qxa6 Ng4 16. Bxe7 Qxe7 17. Qb7 Reb8 18. Qe4 Ngf6 19. Qd3 Rd8 20. Qe3
Ng4 21. Qe2 Rac8 22. h3 Ngf6 23. Nb5 a6 24. Nc3 b5 25. a3 b4 26. axb4 Qxb4 27.
Rb1 Nb6 28. Qxa6 Nbd5 29. Nxd5 Nxd5 30. Qd3 Nf4 31. Qe3 Nd5 32. Qe5 Re8 33. Qe2
Nf4 34. Qd2 Qxd2 35. Nxd2 f6 36. Ne4 Rcd8 37. Red1 Rxd4 38. Rxd4 Ne2+ 39. Kf1
Nxd4 40. Rd1 e5 41. Nd6 Rd8 42. Nf5 Kf7 43. Ke1 Ke6 44. Nxg7+ Kf7 45. Nf5 Kg6
46. Nxd4 exd4 47. Ke2 Kf5 48. Kf3 Ke5 49. Re1+ Kd5 50. Rd1 Ke5 51. Ke2 Ke4 52.
f3+ Kd5 53. Kd3 Ke5 54. g3 Rb8 55. Kc2 Kd5 56. b3 f5 57. Rd3 h5 58. Rd2 Rc8+
59. Kd3 Rc3+ 60. Ke2 Rxb3 61. Kf2 Re3 62. Rb2 Kc4 63. Rc2+ Rc3 64. Ra2 Kb3 65.
Ra5 Rc2+ 66. Ke1 Rc4 67. Rxf5 d3 68. Kd2 Rc2+ 69. Kxd3 Rc3+ 70. Ke4 Rc4+ 71.
Ke5 Rc5+ 72. Kf6 Rc3 73. Kg5 Rc8 74. Kxh5 Rh8+ 75. Kg4 Rg8+ 76. Rg5 Rf8 77. f4
Kc3 78. h4 Kd3 79. h5 Ke3 80. h6 Rh8 81. Rh5 Kf2 82. Rh2+ Ke3 83. Rh3 Rg8+ 84.
Kh5 Ke4 85. h7 Rh8 86. Kg6 Kd5 87. Kg7 Ra8 88. h8=Q Rxh8 89. Rxh8 Ke4 90. Rg8
Kf5 91. Kf7 Ke4 92. Kf6 Kf3 93. Kf5 Kg2 94. g4 Kf3 95. g5 Kg3 96. g6 Kf3 97. g7
Kg3 98. Rh8 Kf3 99. g8=Q Ke3 100. Qd5 Kf2 101. Qe4 Kg3 102. Qe3+ Kg2 103. Rh3
Kf1 104. Qd2 Kg1 105. Rh4 Kf1 106. Rh1# 1-0

[Event "Junior Online 4NCL Division 4"]
[Site "online"]
[Date "2020.10.29"]
[Round "6.48"]
[White "Catabay, Rezin C"]
[Black "Sharma, Ishaan"]
[Result "1-0"]
[WhiteElo "1427"]
[BlackElo "1330"]
[PlyCount "101"]
[EventDate "2020.10.29"]
[WhiteTeam "Colchester Juniors A"]
[BlackTeam "JHJ 4"]

1. c4 e5 2. g3 Nc6 3. Bg2 Bc5 4. Nc3 Nf6 5. e3 d6 6. Nge2 Bf5 7. d3 O-O 8. e4
Be6 9. O-O Qd7 10. Be3 Bd4 11. Bxd4 exd4 12. Nd5 Bxd5 13. exd5 Ne7 14. Nxd4
Rfe8 15. Re1 Ng6 16. f4 Ng4 17. Qf3 f6 18. h3 Nh6 19. Ne6 c6 20. g4 Nh4 21. Qg3
Nxg2 22. Qxg2 Qf7 23. f5 Qd7 24. Re2 c5 25. Rae1 Re7 26. Nf4 Rae8 27. Ne6 a5
28. Qf2 b6 29. d4 a4 30. dxc5 bxc5 31. Qe3 Nf7 32. Qa3 Ng5 33. Kg2 h6 34. b4
axb3 35. Qxb3 Nxe6 36. fxe6 Qd8 37. a4 Qa8 38. Ra1 Rb8 39. Qd3 Rb4 40. a5 Qa7
41. h4 Qa6 42. Rc2 Rbb7 43. Qc3 Kf8 44. Rb2 Ke8 45. Rxb7 Rxb7 46. Ra2 Rb1 47.
Rb2 Rxb2+ 48. Qxb2 Qxa5 49. Qb8+ Ke7 50. Qb7+ Kf8 51. Qf7# 1-0

[Event "Junior Online 4NCL Division 4"]
[Site "online"]
[Date "2020.10.29"]
[Round "6.51"]
[White "Chen, George"]
[Black "Gardner, Kai"]
[Result "1-0"]
[WhiteElo "1157"]
[BlackElo "1510"]
[PlyCount "89"]
[EventDate "2020.10.29"]
[WhiteTeam "JHJ 7"]
[BlackTeam "Barnet Knights B"]

1. e4 e5 2. Nf3 Nc6 3. Bc4 Bc5 4. c3 Nf6 5. d4 exd4 6. cxd4 Bb4+ 7. Nc3 d6 8.
h3 Be6 9. d5 Bd7 10. dxc6 Bxc6 11. Ng5 O-O 12. O-O h6 13. Nf3 Nxe4 14. Nxe4
Bxe4 15. a3 Bc5 16. Re1 Bc6 17. Bf4 Kh8 18. Nh2 Qh4 19. Bg3 Qxc4 20. b3 Qc3 21.
Kh1 Qf6 22. Ng4 Qf5 23. f3 h5 24. Ne3 Qg5 25. Bf2 Rfe8 26. Qd3 Re7 27. Nd1
Rxe1+ 28. Bxe1 Re8 29. Bd2 Qg3 30. Nc3 g5 31. Ne2 Qh4 32. Bc3+ Kg8 33. Qf5 Rxe2
34. Qf6 Kf8 35. Qh6+ Ke8 36. Qh8+ Kd7 37. Bf6 Re8 38. Qg7 Bd5 39. b4 Bf2 40.
Rd1 Bc4 41. Bxg5 Qe4 42. Rc1 Bg3 43. Qc3 Qe6 44. Bd2 Bd5 45. Qxc7# 1-0

[Event "Junior Online 4NCL Division 4"]
[Site "online"]
[Date "2020.10.29"]
[Round "6.52"]
[White "Ford, Conor"]
[Black "Wang, Luoke"]
[Result "0-1"]
[WhiteElo "1427"]
[BlackElo "1075"]
[PlyCount "110"]
[EventDate "2020.10.29"]
[WhiteTeam "Barnet Knights B"]
[BlackTeam "JHJ 7"]

1. d4 Nf6 2. e3 g6 3. Bd3 Bg7 4. Nd2 d5 5. f4 O-O 6. Ngf3 c6 7. c3 Nbd7 8. O-O
Qc7 9. Ne5 b6 10. Rf3 a5 11. Rh3 Nxe5 12. fxe5 Ne4 13. Rf3 Bg4 14. Bxe4 dxe4
15. Nxe4 Bxf3 16. Qxf3 Rad8 17. Bd2 c5 18. Rf1 cxd4 19. exd4 f6 20. exf6 exf6
21. Qh3 Rde8 22. Qh4 Qc6 23. Ng3 f5 24. Qf4 Qf6 25. Qf3 Kh8 26. Bf4 Qe7 27. Bd2
f4 28. Nh1 Qe2 29. Qxe2 Rxe2 30. Bxf4 Rxb2 31. Ng3 Rxa2 32. h3 Rc2 33. Be5
Rxf1+ 34. Kxf1 Bxe5 35. dxe5 Rxc3 36. Ne2 Re3 37. Kf2 Rxe5 38. Nd4 Kg7 39. Kf3
Kf6 40. h4 h5 41. g3 Rd5 42. Nc2 Ke5 43. Ke3 b5 44. Na3 Ke6 45. Ke4 b4 46. Nc4
Rc5 47. Nb2 b3 48. Nd3 Rc3 49. Kd4 Rxd3+ 50. Kxd3 a4 51. Kc3 Kf5 52. Kb2 Ke4
53. Ka3 Kf3 54. Kxa4 b2 55. Kb3 b1=Q+ 0-1

[Event "Junior Online 4NCL Division 4"]
[Site "online"]
[Date "2020.10.29"]
[Round "6.53"]
[White "Bryant, Amelie"]
[Black "Belur, Ankita"]
[Result "1-0"]
[WhiteElo "970"]
[BlackElo "1427"]
[PlyCount "99"]
[EventDate "2020.10.29"]
[WhiteTeam "JHJ 7"]
[BlackTeam "Barnet Knights B"]

1. d4 d6 2. Nc3 Nf6 3. e4 g6 4. Nf3 Bg7 5. Bc4 O-O 6. Bf4 c6 7. h4 b5 8. Bb3 b4
9. Na4 Nxe4 10. Qd3 Nf6 11. Ng5 a5 12. h5 d5 13. hxg6 fxg6 14. O-O-O Nbd7 15.
Ne6 Qe8 16. Nxf8 Qxf8 17. Qh3 Ne5 18. Qh4 Neg4 19. f3 Nh5 20. fxg4 Qxf4+ 21.
Kb1 Qxg4 22. Qxe7 Be6 23. Nb6 Rb8 24. Qc7 Rf8 25. Qxc6 Bxd4 26. Bxd5 Bf7 27.
Bxf7+ Rxf7 28. Nc4 Ng3 29. Rhe1 Bf2 30. Re8+ Kg7 31. Red8 Nf5 32. b3 Bh4 33.
Nxa5 Bxd8 34. Rxd8 Ne3 35. Qc5 Nxg2 36. Qe5+ Rf6 37. Qe7+ Rf7 38. Qe8 Kf6 39.
Rd6+ Kg7 40. Qe5+ Kh6 41. Qh2+ Kg7 42. Qe5+ Kh6 43. Rd4 Rf1+ 44. Kb2 Qg5 45.
Qh2+ Kg7 46. Qc7+ Kh6 47. Qh2+ Kg7 48. Rd7+ Kf8 49. Qb8+ Qd8 50. Qxd8# 1-0

[Event "Junior Online 4NCL Division 4"]
[Site "online"]
[Date "2020.10.29"]
[Round "6.55"]
[White "Gardner, Kai"]
[Black "Chen, George"]
[Result "1/2-1/2"]
[WhiteElo "1510"]
[BlackElo "1157"]
[PlyCount "100"]
[EventDate "2020.10.29"]
[WhiteTeam "Barnet Knights B"]
[BlackTeam "JHJ 7"]

1. e4 e6 2. c4 d5 3. cxd5 exd5 4. exd5 Qxd5 5. Nc3 Qd6 6. Nf3 Nf6 7. d4 Be7 8.
Bc4 Bg4 9. h3 Bh5 10. Be3 Nbd7 11. Qb3 b6 12. g4 Bg6 13. h4 a5 14. h5 a4 15.
Nxa4 Qb4+ 16. Nc3 Qxb3 17. Bxb3 Be4 18. Bd1 Bb4 19. O-O Bxc3 20. bxc3 Nxg4 21.
Ng5 Ngf6 22. Nxe4 Nxe4 23. Bc2 Nxc3 24. Bd2 Nb5 25. Rfe1+ Kf8 26. Bb4+ c5 27.
dxc5 bxc5 28. Bd2 Nd4 29. Bd3 Nf3+ 30. Kf1 Nxe1 31. Rxe1 Rxa2 32. Bf4 Ra8 33.
Bb5 Nf6 34. Bd6+ Kg8 35. Bc4 Re8 36. Rd1 g6 37. h6 Ng4 38. Bxc5 Nxh6 39. Bd4
Rd8 40. Ke2 Nf5 41. Bxh8 Rxd1 42. Kxd1 Kxh8 43. Bxf7 Kg7 44. Bc4 h5 45. Ke1 g5
46. Be2 g4 47. Kf1 Kg6 48. f3 gxf3 49. Bxf3 Kg5 50. Bxh5 Kxh5 1/2-1/2

[Event "Junior Online 4NCL Division 4"]
[Site "online"]
[Date "2020.10.29"]
[Round "6.56"]
[White "Wang, Luoke"]
[Black "Ford, Conor"]
[Result "0-1"]
[WhiteElo "1075"]
[BlackElo "1427"]
[PlyCount "72"]
[EventDate "2020.10.29"]
[WhiteTeam "JHJ 7"]
[BlackTeam "Barnet Knights B"]

1. d4 f5 2. Nf3 Nf6 3. g3 e6 4. Bg2 d5 5. O-O Bd6 6. c4 c6 7. Nc3 Nbd7 8. Qc2
O-O 9. Rb1 Ne4 10. b4 Rf6 11. b5 a6 12. Nxe4 fxe4 13. Bg5 exf3 14. Bxf6 Nxf6
15. Bxf3 Qe7 16. bxc6 bxc6 17. c5 Bc7 18. Rb2 e5 19. dxe5 Qxe5 20. Bg2 Qh5 21.
Qb3 Ng4 22. h3 Nf6 23. h4 Be5 24. Rc2 Bd7 25. a4 Rb8 26. Qa2 Qg6 27. Rcc1 Ne4
28. Qc2 Bf5 29. Qd1 Rb2 30. e3 Nc3 31. Qf3 Be4 32. Qxe4 Nxe4 33. Bxe4 Qxe4 34.
Kh2 Qf3 35. Kg1 Bxg3 36. fxg3 Qg2# 0-1

[Event "Junior Online 4NCL Division 4"]
[Site "online"]
[Date "2020.10.29"]
[Round "6.57"]
[White "Belur, Ankita"]
[Black "Bryant, Amelie"]
[Result "1-0"]
[WhiteElo "1427"]
[BlackElo "970"]
[PlyCount "155"]
[EventDate "2020.10.29"]
[WhiteTeam "Barnet Knights B"]
[BlackTeam "JHJ 7"]

1. c4 d5 2. cxd5 Qxd5 3. Nc3 Qa5 4. g3 Nf6 5. Nf3 e6 6. Bg2 Bd6 7. O-O O-O 8.
d3 Nc6 9. a3 Bd7 10. b4 Bxb4 11. Nb1 Bc3 12. Nxc3 Qxc3 13. Ra2 e5 14. Bb2 Qa5
15. Qc2 Be6 16. Raa1 Rad8 17. Bc3 Qb6 18. Nxe5 Bb3 19. Qb2 Nxe5 20. Bxe5 Rfe8
21. Bxf6 gxf6 22. Rab1 Be6 23. Qxb6 cxb6 24. Bxb7 Rd7 25. Bc6 Rde7 26. Bxe8
Rxe8 27. Kg2 Bd5+ 28. e4 Bb7 29. Rfc1 Ba6 30. Rb3 Kg7 31. Rc7 Ra8 32. d4 Be2
33. Rbc3 Re8 34. Rxa7 Rxe4 35. Rcc7 Bh5 36. Rab7 Rxd4 37. Rxb6 Bg6 38. Rb4 Rd6
39. a4 Ra6 40. Rc1 Re6 41. a5 Ra6 42. Ra1 Re6 43. a6 Be4+ 44. f3 Bd5 45. Rb2
Re8 46. a7 Kg6 47. Kf2 Kf5 48. Rb8 Re5 49. a8=Q Bxa8 50. Rbxa8 h5 51. R8a5 Rxa5
52. Rxa5+ Kg6 53. g4 Kh6 54. Rxh5+ Kg6 55. Kg3 Kg7 56. Kh4 Kg6 57. g5 fxg5+ 58.
Rxg5+ Kf6 59. Rh5 Kg6 60. f4 Kg7 61. f5 Kf6 62. Rh7 Kxf5 63. Rxf7+ Kg6 64. Rf1
Kh6 65. Rg1 Kh7 66. Kg3 Kg8 67. Kf3+ Kh7 68. Kf4 Kh6 69. Kf5 Kh7 70. h4 Kh8 71.
h5 Kh7 72. Kf6 Kh8 73. h6 Kh7 74. Ke5 Kxh6 75. Kf5 Kh7 76. Kf6 Kh8 77. Kf7 Kh7
78. Rh1# 1-0

[Event "Junior Online 4NCL Division 4"]
[Site "online"]
[Date "2020.10.29"]
[Round "6.61"]
[White "Zhao, George"]
[Black "Kumar, Soham"]
[Result "1/2-1/2"]
[WhiteElo "1330"]
[BlackElo "1802"]
[PlyCount "193"]
[EventDate "2020.10.29"]
[WhiteTeam "JHJ 5"]
[BlackTeam "Maidenhead Juniors 1"]

1. e3 d5 2. d4 Nf6 3. c4 c6 4. Nf3 g6 5. Be2 Bg7 6. Bd2 O-O 7. Nc3 Nbd7 8. O-O
e6 9. Re1 b6 10. cxd5 exd5 11. Rc1 Bb7 12. Na4 Ne4 13. Nc3 f5 14. a3 a6 15. b4
a5 16. bxa5 Rxa5 17. Nxe4 fxe4 18. Bxa5 exf3 19. Bxf3 bxa5 20. Bg4 Nf6 21. Be6+
Kh8 22. Bg4 Nxg4 23. Qxg4 Bc8 24. Qg3 Qf6 25. h3 Ba6 26. Rc5 Bb5 27. a4 Bxa4
28. Rxa5 Bb5 29. Rea1 Qe7 30. Ra8 Kg8 31. Rxf8+ Bxf8 32. Qf4 Qd6 33. Qxd6 Bxd6
34. Ra8+ Kg7 35. Ra7+ Kh6 36. f4 Bd3 37. Kf2 g5 38. fxg5+ Kxg5 39. Rg7+ Kf6 40.
Rg4 Bg6 41. Rh4 h5 42. g3 Kg5 43. Kf3 Be4+ 44. Kf2 c5 45. dxc5 Bxc5 46. Rf4 Bd6
47. Rf7 Be5 48. Rf8 h4 49. Rg8+ Bg6 50. gxh4+ Kh5 51. Kf3 Be4+ 52. Kf2 Kxh4 53.
Ke2 Kxh3 54. Kf2 Kh4 55. Ke2 Bf6 56. Kf2 Bg5 57. Rf8 Kg4 58. Ke2 Be7 59. Rf1
Kg5 60. Rf4 Bd6 61. Rf2 Bg3 62. Rf1 Be5 63. Kd2 Kg4 64. Ke2 Kg3 65. Kd2 Kg2 66.
Rf8 Kg3 67. Rf7 Kg4 68. Ke2 Kg5 69. Kd2 Kg6 70. Rf1 Bf6 71. Rg1+ Kf7 72. Rf1
Ke6 73. Ke2 Ke5 74. Rf4 Bg5 75. Rf1 Bg6 76. Rg1 Bh5+ 77. Kd2 Bf6 78. Rh1 Bg6
79. Rg1 Bf5 80. Ke2 Be4 81. Rg8 Kf5 82. Rf8 Ke6 83. Re8+ Kf5 84. Rf8 Kg6 85.
Re8 Kf7 86. Ra8 Ke7 87. Ra7+ Ke6 88. Ra6+ Ke5 89. Ra8 Kd6 90. Ra6+ Ke7 91. Ra7+
Ke6 92. Ra6+ Kf5 93. Ra5 Be5 94. Rc5 Ke6 95. Rc1 Bd6 96. Rc6 Ke5 97. Rc1
1/2-1/2

[Event "Junior Online 4NCL Division 4"]
[Site "online"]
[Date "2020.10.29"]
[Round "6.62"]
[White "Wenninger, Maxim"]
[Black "Bryant, Harry"]
[Result "1-0"]
[WhiteElo "1660"]
[BlackElo "1330"]
[PlyCount "133"]
[EventDate "2020.10.29"]
[WhiteTeam "Maidenhead Juniors 1"]
[BlackTeam "JHJ 5"]

1. e4 e5 2. Nf3 Nf6 3. Nc3 Bc5 4. h3 d5 5. exd5 e4 6. Ng5 Nxd5 7. Ngxe4 O-O 8.
Nxc5 Qe7+ 9. N5e4 f5 10. Nxd5 Qxe4+ 11. Ne3 f4 12. Bc4+ Kh8 13. d3 Qe7 14. Qe2
fxe3 15. Bxe3 Qb4+ 16. c3 Qe7 17. O-O-O c6 18. Rhe1 b5 19. Bb3 a5 20. Qh5 a4
21. Bc2 Be6 22. Bc5 Qf7 23. Qxf7 Rxf7 24. Rxe6 Nd7 25. Rde1 Nxc5 26. Re8+ Rf8
27. Rxa8 Rxa8 28. d4 Nd7 29. Re6 Rf8 30. f3 Rf6 31. Re8+ Rf8 32. Re7 Nf6 33.
Rc7 Nd5 34. Rxc6 Ne3 35. g4 g6 36. Be4 Ng2 37. Kd2 Nf4 38. h4 Ng2 39. h5 gxh5
40. gxh5 Nf4 41. Rc7 Ne6 42. Rxh7+ Kg8 43. Rb7 Ng5 44. Bd5+ Kh8 45. Rxb5 Nxf3+
46. Bxf3 Rxf3 47. c4 Rh3 48. Ra5 Rh2+ 49. Kc3 Rh3+ 50. Kb4 Rh2 51. b3 Rxa2 52.
Rxa4 Rh2 53. Ra5 Rd2 54. d5 Rh2 55. d6 Rd2 56. Rd5 Rf2 57. c5 Rf8 58. c6 Rb8+
59. Kc4 Kg7 60. d7 Kf7 61. d8=Q Rxd8 62. Rxd8 Ke6 63. c7 Ke5 64. c8=Q Kf6 65.
Rd5 Kg7 66. Qc6 Kh7 67. Rd7+ 1-0

[Event "Junior Online 4NCL Division 4"]
[Site "online"]
[Date "2020.10.29"]
[Round "6.63"]
[White "Sisupalan, Beni"]
[Black "Muppidi, Anirudh"]
[Result "1-0"]
[WhiteElo "1345"]
[BlackElo "1637"]
[PlyCount "111"]
[EventDate "2020.10.29"]
[WhiteTeam "JHJ 5"]
[BlackTeam "Maidenhead Juniors 1"]

1. e4 e5 2. Nf3 Nc6 3. Bc4 Bc5 4. d3 Nf6 5. Bg5 h6 6. Be3 Bb6 7. Nc3 d6 8. Qd2
Bg4 9. Bb3 Nd4 10. Bxd4 exd4 11. Nd5 Nxd5 12. Bxd5 c6 13. Bxf7+ Kxf7 14. Qf4+
Qf6 15. Qxg4 Ba5+ 16. Ke2 Rhe8 17. a3 Kg8 18. b4 Bb6 19. Rhe1 d5 20. Kf1 dxe4
21. dxe4 a5 22. Rad1 axb4 23. axb4 Ra2 24. e5 Qd8 25. Nxd4 Qa8 26. c4 Bxd4 27.
Qxd4 Rf8 28. e6 Raxf2+ 29. Qxf2 Rxf2+ 30. Kxf2 Qf8+ 31. Kg1 Qe7 32. Rd7 Qxb4
33. Red1 Qc5+ 34. Kh1 Qe5 35. e7 Kh7 36. Rxb7 c5 37. h3 Qe4 38. Rf1 Qe6 39. Rd1
Qe4 40. Rd5 Qe1+ 41. Kh2 Qe4 42. Rbd7 Qf4+ 43. Kg1 Qe3+ 44. Kf1 Qf4+ 45. Ke1
Qe3+ 46. Kd1 Qb3+ 47. Kd2 Qb2+ 48. Ke3 Qc1+ 49. Ke4 Qe1+ 50. Kf3 Qf1+ 51. Kg3
Qe1+ 52. Kf4 Qf2+ 53. Ke5 Qe3+ 54. Kd6 Qg3+ 55. Re5 Qg6+ 56. Kc7 1-0

[Event "Junior Online 4NCL Division 4"]
[Site "online"]
[Date "2020.10.29"]
[Round "6.64"]
[White "Markov, Aleksa"]
[Black "Hanache, Kai"]
[Result "0-1"]
[WhiteElo "1345"]
[BlackElo "1240"]
[PlyCount "78"]
[EventDate "2020.10.29"]
[WhiteTeam "Maidenhead Juniors 1"]
[BlackTeam "JHJ 5"]

1. e4 c5 2. Nf3 d6 3. d4 cxd4 4. Nxd4 Nc6 5. Nxc6 bxc6 6. Nc3 Nf6 7. Bc4 Bd7 8.
Be3 e6 9. O-O Be7 10. Qf3 e5 11. Bg5 Bg4 12. Qe3 O-O 13. Bxf6 Bxf6 14. h3 Bh5
15. f3 Qa5 16. Bb3 Be7 17. Rfd1 d5 18. exd5 Bc5 19. Qxc5 Qxc5+ 20. Kf1 Rad8 21.
Ne4 Qe3 22. dxc6 Bxf3 23. gxf3 Qxf3+ 24. Kg1 Rxd1+ 25. Rxd1 Qxd1+ 26. Kf2 Qd4+
27. Kf3 a5 28. c7 a4 29. c3 Qd3+ 30. Kf2 axb3 31. axb3 Qxe4 32. Kg3 Qb7 33. c4
Qxb3+ 34. Kf2 Qxc4 35. Ke3 Qxc7 36. Ke4 f5+ 37. Kd3 Rd8+ 38. Ke2 Qc2+ 39. Ke3
Rd3# 0-1

[Event "Junior Online 4NCL Division 4"]
[Site "online"]
[Date "2020.10.29"]
[Round "6.65"]
[White "Kumar, Soham"]
[Black "Zhao, George"]
[Result "1-0"]
[WhiteElo "1802"]
[BlackElo "1330"]
[PlyCount "117"]
[EventDate "2020.10.29"]
[WhiteTeam "Maidenhead Juniors 1"]
[BlackTeam "JHJ 5"]

1. e4 e6 2. d4 d5 3. Nc3 dxe4 4. Nxe4 Nd7 5. Nf3 Ngf6 6. Bd3 Nxe4 7. Bxe4 Nf6
8. Bd3 Bd6 9. O-O O-O 10. Bg5 Bd7 11. Ne5 Be7 12. Nxd7 Nxd7 13. Bxe7 Qxe7 14.
c3 Qg5 15. f4 Qe7 16. Qf3 c6 17. Rae1 f5 18. Qe3 Rf6 19. Bc4 Re8 20. Qe2 Nb6
21. Bb3 Nd5 22. Qe5 a6 23. Rf2 b5 24. Rfe2 Kf7 25. Bxd5 cxd5 26. Qe3 Rg6 27.
Qh3 Rh6 28. Qg3 Rg6 29. Qf3 Qd6 30. Re5 Qe7 31. R1e3 Qd7 32. Qe2 Qd6 33. Rxf5+
exf5 34. Rxe8 Re6 35. Rxe6 Qxe6 36. Qxe6+ Kxe6 37. Kf2 Kf6 38. Ke3 g5 39. fxg5+
Kxg5 40. Kf3 h5 41. g3 a5 42. b3 a4 43. bxa4 bxa4 44. a3 Kf6 45. Kf4 Ke6 46.
Kg5 Kd6 47. Kxf5 Kc6 48. Ke5 Kb5 49. Kxd5 Kb6 50. c4 Kc7 51. c5 Kd7 52. c6+ Kc7
53. Kc5 Kd8 54. d5 Kc8 55. d6 Kd8 56. d7 Kc7 57. h3 Kd8 58. Kd6 h4 59. c7# 1-0

[Event "Junior Online 4NCL Division 4"]
[Site "online"]
[Date "2020.10.29"]
[Round "6.66"]
[White "Bryant, Harry"]
[Black "Wenninger, Maxim"]
[Result "0-1"]
[WhiteElo "1330"]
[BlackElo "1660"]
[PlyCount "150"]
[EventDate "2020.10.29"]
[WhiteTeam "JHJ 5"]
[BlackTeam "Maidenhead Juniors 1"]

1. d4 f5 2. Nc3 e6 3. e4 fxe4 4. Nxe4 Nf6 5. Bg5 Be7 6. Nxf6+ Bxf6 7. Bxf6 Qxf6
8. c3 Nc6 9. Qf3 O-O 10. Bd3 e5 11. Bc4+ Kh8 12. O-O-O exd4 13. cxd4 Qg5+ 14.
Qe3 Qxe3+ 15. fxe3 d6 16. Nf3 Bg4 17. Be2 Rae8 18. Rd3 Nb4 19. Rb3 Nd5 20. Rxb7
Nxe3 21. Rxc7 Nd5 22. Rc2 Nb4 23. Rc4 Rxe2 24. Rxb4 Rxg2 25. Ng5 h6 26. Ne4
Rc8+ 27. Nc3 a5 28. Ra4 Ra8 29. h3 Bd7 30. Rc4 a4 31. a3 Rb8 32. Nxa4 Bxa4 33.
Rxa4 Rbxb2 34. Rb4 Ra2 35. Rb3 Ra1+ 36. Rb1 Rxa3 37. Rb2 Ra1+ 38. Rb1 Rxb1+ 39.
Kxb1 Rd2 40. Re1 Rxd4 41. Re8+ Kh7 42. Kc2 Kg6 43. Kc3 Rd1 44. Re6+ Kg5 45. Kc2
Rd5 46. Re7 g6 47. Re3 Kh5 48. Kc3 g5 49. Kc4 Rd1 50. Kc3 Kh4 51. Kc2 Rd5 52.
Kc3 h5 53. Kc4 Rd1 54. Kc3 g4 55. Kc2 Rd5 56. hxg4 hxg4 57. Re4 Kh3 58. Re3+ g3
59. Kc3 Kh2 60. Kc4 Rd1 61. Re6 g2 62. Rh6+ Kg1 63. Kc3 d5 64. Kc2 Rd4 65. Kc3
Rf4 66. Ra6 Kf2 67. Ra2+ Kg3 68. Ra1 Rf1 69. Ra3 g1=Q 70. Kb4+ Kf4 71. Ra4 Ke5
72. Ka5 Rb1 73. Rc4 Qb6+ 74. Ka4 Qb5+ 75. Ka3 Qb3# 0-1

[Event "Junior Online 4NCL Division 4"]
[Site "online"]
[Date "2020.10.29"]
[Round "6.67"]
[White "Muppidi, Anirudh"]
[Black "Sisupalan, Beni"]
[Result "1-0"]
[WhiteElo "1637"]
[BlackElo "1345"]
[PlyCount "249"]
[EventDate "2020.10.29"]
[WhiteTeam "Maidenhead Juniors 1"]
[BlackTeam "JHJ 5"]

1. e4 e5 2. Nf3 Nc6 3. Bc4 Bc5 4. d3 Nf6 5. Nc3 d6 6. Bg5 Be6 7. Bxf6 Qxf6 8.
Nd5 Bxd5 9. Bxd5 O-O 10. O-O Nd4 11. Nxd4 Bxd4 12. c3 Bb6 13. Bxb7 Rab8 14. Bd5
Rfe8 15. Bb3 Rbd8 16. Ba4 Re7 17. h3 d5 18. exd5 Rxd5 19. Bb3 Rd8 20. Qc2 Red7
21. Rad1 Qh4 22. Qe2 Qg5 23. Qf3 Qg6 24. Bc2 f6 25. Rd2 e4 26. Qd1 e3 27. Re2
exf2+ 28. Kh1 c6 29. d4 Qg3 30. Qd3 Qxd3 31. Bxd3 c5 32. Bc4+ Kf8 33. dxc5 Bxc5
34. b4 Bb6 35. Rc2 Rd1 36. Rc1 Rxc1 37. Rxc1 Be3 38. Rf1 Rc8 39. Bd3 g6 40. c4
Rd8 41. Bb1 a5 42. a3 Rb8 43. b5 Ke7 44. a4 Kd6 45. Kh2 Kc5 46. Bd3 Kb4 47. Bc2
Kxc4 48. Kg3 Kc3 49. Bd1 f5 50. Kf3 Ba7 51. Kf4 Rd8 52. Kf3 Rd4 53. Rh1 Rb4 54.
Rf1 Kb2 55. Ke2 Ka3 56. Kd3 Rxa4 57. Bxa4 Kxa4 58. Kc4 Ka3 59. Kc3 Ka4 60. Kc4
Ka3 61. Kc3 Ka2 62. Kc4 Kb2 63. Kd3 a4 64. Ke2 a3 65. Rd1 a2 66. Rd2+ Ka3 67.
Rd3+ Ka4 68. Rd1 Ka3 69. Rd3+ Kb4 70. Rd1 Ka3 71. Rd3+ Kb2 72. Rd2+ Kb3 73.
Rd3+ Kb4 74. Rd1 Kc3 75. Rd3+ Kc4 76. Ra3 Bc5 77. Rxa2 Kxb5 78. Rb2+ Kc6 79.
Rc2 Kd6 80. Rd2+ Ke6 81. Ra2 Kf6 82. Ra6+ Kg5 83. Rc6 Be3 84. Rc7 h5 85. Re7
Bb6 86. Re6 Ba7 87. Ra6 Be3 88. Ra3 Bc5 89. Rc3 Bd4 90. Rd3 Bb6 91. Rd6 Be3 92.
Rd3 f4 93. g3 h4 94. gxf4+ Kxf4 95. Rxe3 g5 96. Rf3+ Ke4 97. Kxf2 Ke5 98. Re3+
Kf4 99. Ra3 g4 100. hxg4 Kxg4 101. Kg2 Kf4 102. Ra4+ Kg5 103. Kh3 Kh5 104.
Rxh4+ Kg5 105. Rg4+ Kf5 106. Kh4 Ke5 107. Kh5 Kd5 108. Kg5 Ke5 109. Rf4 Kd5
110. Kf5 Kc5 111. Ke5 Kc6 112. Rd4 Kc5 113. Rd6 Kc4 114. Ke4 Kc5 115. Rd5+ Kc4
116. Ke5 Kc3 117. Rd4 Kb3 118. Ke4 Kc3 119. Ke3 Kb3 120. Kd3 Kb2 121. Rb4+ Ka3
122. Kc3 Ka2 123. Rb8 Ka1 124. Kc2 Ka2 125. Ra8# 1-0

[Event "Junior Online 4NCL Division 4"]
[Site "online"]
[Date "2020.10.29"]
[Round "6.68"]
[White "Hanache, Kai"]
[Black "Markov, Aleksa"]
[Result "1-0"]
[WhiteElo "1240"]
[BlackElo "1345"]
[PlyCount "53"]
[EventDate "2020.10.29"]
[WhiteTeam "JHJ 5"]
[BlackTeam "Maidenhead Juniors 1"]

1. e4 e5 2. Nf3 Nc6 3. Bb5 a6 4. Ba4 Nf6 5. O-O Nxe4 6. Re1 Nf6 7. Bxc6 dxc6 8.
Nxe5 Bd6 9. Nxc6+ Kd7 10. Nxd8 Kxd8 11. d3 Be6 12. Bg5 h6 13. Bxf6+ gxf6 14.
Qf3 Be5 15. Qxb7 Kd7 16. d4 Bd6 17. d5 Bf5 18. Qc6+ Kd8 19. Qxa8+ Kd7 20. Qxh8
Be5 21. Rxe5 fxe5 22. Qxe5 Bxc2 23. Nc3 Bg6 24. Re1 Kc8 25. Qe8+ Kb7 26. Qc6+
Kc8 27. Re8# 1-0

[Event "Junior Online 4NCL Division 4"]
[Site "online"]
[Date "2020.10.29"]
[Round "6.71"]
[White "Soulier, Alfred"]
[Black "Ethelontis, Elena"]
[Result "1-0"]
[WhiteElo "1585"]
[BlackElo "1292"]
[PlyCount "59"]
[EventDate "2020.10.29"]
[WhiteTeam "KCJS 2"]
[BlackTeam "Barnet Knights D"]

1. d4 d5 2. c4 e6 3. Nc3 Nf6 4. Bg5 Be7 5. Nf3 O-O 6. e3 c6 7. Qc2 b6 8. a3
Nbd7 9. b4 a5 10. b5 cxb5 11. cxb5 h6 12. Bf4 Nb8 13. Bd3 Bd6 14. Bg3 Bxg3 15.
hxg3 Bd7 16. Ne5 Re8 17. Rc1 Qe7 18. Qb3 Ne4 19. Nxe4 dxe4 20. Bxe4 Ra7 21. O-O
f6 22. Nc6 Nxc6 23. Bxc6 a4 24. Qb2 Bxc6 25. Rxc6 Rb8 26. Rfc1 Kf8 27. Qa2 Rbb7
28. Rxe6 Qf7 29. Rc8+ Qe8 30. Rexe8# 1-0

[Event "Junior Online 4NCL Division 4"]
[Site "online"]
[Date "2020.10.29"]
[Round "6.72"]
[White "Vyas, Rayaan"]
[Black "Patel, Zain"]
[Result "0-1"]
[WhiteElo "1255"]
[BlackElo "1540"]
[PlyCount "106"]
[EventDate "2020.10.29"]
[WhiteTeam "Barnet Knights D"]
[BlackTeam "KCJS 2"]

1. e4 c5 2. Nf3 d6 3. Nc3 Nf6 4. e5 dxe5 5. Nxe5 e6 6. Bc4 Bd6 7. Nf3 O-O 8.
O-O Nc6 9. a3 b6 10. Rb1 Bb7 11. d3 Rc8 12. Bg5 h6 13. Bxf6 Qxf6 14. Ne4 Qe7
15. c3 Ne5 16. Nxd6 Nxf3+ 17. gxf3 Qxd6 18. b4 cxb4 19. cxb4 Qf4 20. Kg2 Rc6
21. Re1 e5 22. Re4 Rg6+ 23. Kf1 Bxe4 24. fxe4 Qxh2 25. Ke2 Qh5+ 26. Kd2 Qxd1+
27. Rxd1 Rd8 28. Rc1 Rc6 29. Bxf7+ Kxf7 30. Rxc6 Re8 31. Rc7+ Re7 32. Rc1 Kf6
33. Rc6+ Kg5 34. Ke3 h5 35. Rc8 h4 36. Rf8 Rc7 37. Rf5+ Kg4 38. f3+ Kg3 39.
Rg5+ Kh2 40. Rxe5 h3 41. Rg5 Rc1 42. Rxg7 Rg1 43. Rh7 Rg3 44. e5 Kg2 45. e6 Rg6
46. e7 Re6+ 47. Kf4 h2 48. Kf5 Rxe7 49. Rxe7 h1=Q 50. d4 Kxf3 51. d5 Qh5+ 52.
Ke6 Ke4 53. d6 Qf5# 0-1